LEADER 03296nam 2200673Ia 450 001 9910452593803321 005 20200520144314.0 010 $a0-19-174015-2 010 $a0-19-960727-3 010 $a1-283-58202-3 010 $a9786613894472 010 $a0-19-156355-2 035 $a(CKB)2550000000105427 035 $a(EBL)975608 035 $a(OCoLC)801363658 035 $a(SSID)ssj0000627889 035 $a(PQKBManifestationID)12244819 035 $a(PQKBTitleCode)TC0000627889 035 $a(PQKBWorkID)10702112 035 $a(PQKB)11316141 035 $a(MiAaPQ)EBC975608 035 $a(StDuBDS)EDZ0000091531 035 $a(Au-PeEL)EBL975608 035 $a(CaPaEBR)ebr10581470 035 $a(CaONFJC)MIL389447 035 $a(EXLCZ)992550000000105427 100 $a20090327d2008 uy 0 101 0 $aeng 135 $aur|n|---||||| 181 $ctxt 182 $cc 183 $acr 200 00$aChronic obstructive pulmonary disease$b[electronic resource] $e(COPD) /$fedited by Onn Min Kon, Trevor T. Hansel, Peter J. Barnes 210 $aOxford ;$aNew York $cOxford University Press$d2008 215 $a1 online resource (127 p.) 225 1 $aOxford respiratory medicine library 300 $aDescription based upon print version of record. 311 $a0-19-954914-1 320 $aIncludes bibliographical references and index. 327 $aContents; Contributors; Abbreviations; 1 Global burden and natural history of COPD; 2 Pathology and molecular features of COPD; 3 Clinical features, spirometry, and lung function; 4 Imaging in COPD; 5 Smoking cessation; 6 Chronic medical therapy and the GOLD guidelines; 7 Management of acute exacerbations including non-invasive and invasive ventilation; 8 Pulmonary rehabilitation; 9 Long-term, ambulatory, and short-burst oxygen therapy in COPD; 10 Lung volume reduction, bullectomy, and lung transplantation; 11 Palliative care and end-of-life issues; Index; A; B; C; D; E; F; G; H; I; L; M; N 327 $aOP; R; S; T; V; W; X 330 $aChronic Obstructive Pulmonary Disease (COPD) is growing in recognition as a major chronic disease and a key cause of acute medical admissions. It kills approximately 30,000 patients each year in England and Wales alone, and is set to be the third commonest cause of death by 2020 globally.This pocketbook is a concise companion for all health care professionals who come into contact with patients with COPD. It covers the full spectrum of COPD management ranging from smoking cessation to advanced COPD, bridging both the primary and secondary care aspects of treatment and discussing the latest adv 410 0$aOxford respiratory medicine library. 606 $aLungs$xDiseases, Obstructive 606 $aRespiratory organs$xObstructions 608 $aElectronic books. 615 0$aLungs$xDiseases, Obstructive. 615 0$aRespiratory organs$xObstructions. 676 $a616.2/4 701 $aBarnes$b Peter J.$f1946-$020281 701 $aHansel$b T. T$g(Trevor T.),$f1956-$0870252 701 $aKon$b Onn Min$0870253 801 0$bMiAaPQ 801 1$bMiAaPQ 801 2$bMiAaPQ 906 $aBOOK 912 $a9910452593803321 996 $aChronic obstructive pulmonary disease$91942850 997 $aUNINA LEADER 02971oas 22010693a 450 001 9910224641503321 005 20260213213014.0 011 $a2161-282X 035 $a(OCoLC)44617768 035 $a(CONSER) 2011200726 035 $a(CKB)963018359386 035 $a(EXLCZ)99963018359386 100 $a20000719a20009999 uy a 101 0 $aeng 135 $aurcn||||||||| 181 $ctxt$2rdacontent 182 $cc$2rdamedia 183 $acr$2rdacarrier 200 10$aBest's review 210 $aOldwick, NJ $cA.M. Best Co.$dİ2000- 300 $aTitle from home page (viewed July 19, 2000). 311 08$a1527-5914 606 $aProperty insurance$zUnited States$vPeriodicals 606 $aCasualty insurance$zUnited States$vPeriodicals 606 $aLife insurance$zUnited States$vPeriodicals 606 $aHealth insurance$zUnited States$vPeriodicals 606 $aInsurance, Health$vPeriodicals 606 $aInsurance, Life$vPeriodicals 606 $aAssurance de biens$zE?tats-Unis$vPe?riodiques 606 $aAssurance-dommages$zE?tats-Unis$vPe?riodiques 606 $aAssurance-vie$zE?tats-Unis$vPe?riodiques 606 $aAssurance-maladie$zE?tats-Unis$vPe?riodiques 606 $aCasualty insurance$2fast$3(OCoLC)fst01715790 606 $aHealth insurance$2fast$3(OCoLC)fst01715839 606 $aLife insurance$2fast$3(OCoLC)fst01715858 606 $aProperty insurance$2fast$3(OCoLC)fst01715900 607 $aUnited States$2fast$1https://id.oclc.org/worldcat/entity/E39PBJtxgQXMWqmjMjjwXRHgrq 608 $aperiodicals.$2aat 608 $aPeriodicals.$2fast 608 $aPeriodicals.$2lcgft 608 $aPe?riodiques.$2rvmgf 615 0$aProperty insurance 615 0$aCasualty insurance 615 0$aLife insurance 615 0$aHealth insurance 615 12$aInsurance, Health 615 22$aInsurance, Life 615 6$aAssurance de biens 615 6$aAssurance-dommages 615 6$aAssurance-vie 615 6$aAssurance-maladie 615 7$aCasualty insurance. 615 7$aHealth insurance. 615 7$aLife insurance. 615 7$aProperty insurance. 676 $a368 712 02$aA.M. Best Company. 801 0$bNTD 801 1$bNTD 801 2$bOCLCQ 801 2$bTXJ 801 2$bCO3 801 2$bDEBBG 801 2$bDLC 801 2$bOCLCQ 801 2$bGBVCP 801 2$bOCLCF 801 2$bOCLCO 801 2$bOCLCQ 801 2$bAU@ 801 2$bAUD 801 2$bVT2 801 2$bOCLCQ 801 2$bQGK 801 2$bOCLCO 801 2$bIOY 801 2$bOCLCQ 801 2$bOCLCL 801 2$bDYJ 801 2$bWT2 801 2$bLND 801 2$bCEF 801 2$bTOF 801 2$bS2H 801 2$bUEJ 801 2$bOCLCQ 801 2$bOCLCL 801 2$bDLC 906 $aJOURNAL 912 $a9910224641503321 996 $aBest's review$92124691 997 $aUNINA